000
00295nam a22001337a 4500
008
170725b xxu||||| |||| 00| 0 eng d
020
_a
0395 443431 003
041
_a
eng
080
_a
004
100
_a
29
101
_a
SHKI
245
_a
INFORMATION PROCESSING
_c
MIFFLIN, H
942
_2
udc
_c
BK
999
_c
21867
_d
21867